Guide to system analysis, design & MIS (Record no. 1823)
[ view plain ]
| 000 -LEADER | |
|---|---|
| fixed length control field | 01157 a2200289 4500 |
| 003 - CONTROL NUMBER IDENTIFIER | |
| control field | dpl |
| 005 - DATE AND TIME OF LATEST TRANSACTION | |
| control field | 20090304110422.0 |
| 008 - FIXED-LENGTH DATA ELEMENTS--GENERAL INFORMATION | |
| fixed length control field | 090304t xxu||||| |||| 00| 0 eng d |
| 010 ## - LIBRARY OF CONGRESS CONTROL NUMBER | |
| LC control number | ENG-85289 |
| 020 ## - INTERNATIONAL STANDARD BOOK NUMBER | |
| International Standard Book Number | 8183331645 |
| Terms of availability | 120.00 |
| 035 ## - SYSTEM CONTROL NUMBER | |
| System control number | EN-68822 |
| 037 ## - SOURCE OF ACQUISITION | |
| Source of stock number/acquisition | D.B.Act / Pub |
| 040 ## - CATALOGING SOURCE | |
| Original cataloging agency | DPL |
| Transcribing agency | DPL |
| 082 ## - DEWEY DECIMAL CLASSIFICATION NUMBER | |
| Classification number | 004.21 |
| 100 ## - MAIN ENTRY--PERSONAL NAME | |
| Personal name | Jain, Satish |
| 245 ## - TITLE STATEMENT | |
| Title | Guide to system analysis, design & MIS |
| Remainder of title | questions and answers |
| Statement of responsibility, etc | by Satish Jain and Shahsi Singh |
| 260 ## - PUBLICATION, DISTRIBUTION, ETC. (IMPRINT) | |
| Place of publication, distribution, etc | New Delhi |
| Name of publisher, distributor, etc | BPB Publications |
| Date of publication, distribution, etc | 2006 |
| 270 ## - ADDRESS | |
| Address | B-14, Connaught Place |
| City | New Delhi |
| Postal code | 110 001 |
| Telephone number | 011-23325760, 011-23723393 |
| 300 ## - PHYSICAL DESCRIPTION | |
| Extent | x, 249 p. |
| Dimensions | 22 cm (Pbk.) |
| 500 ## - GENERAL NOTE | |
| General note | including sample papers and glossary |
| 650 ## - SUBJECT ADDED ENTRY--TOPICAL TERM | |
| Topical term or geographic name as entry element | Systems Analysis |
| 650 ## - SUBJECT ADDED ENTRY--TOPICAL TERM | |
| Topical term or geographic name as entry element | Managaement Information System |
| 700 ## - ADDED ENTRY--PERSONAL NAME | |
| Personal name | Shashi Singh |
| 942 ## - ADDED ENTRY ELEMENTS (KOHA) | |
| Institution code [OBSOLETE] | dpl |
| Koha item type | English Books |
| Call number prefix | 004.21 / JAI |
| Source of classification or shelving scheme | Dewey Decimal Classification |
| Classification part | 004.21 |
| Call number suffix | JAI |
| Withdrawn status | Lost status | Source of classification or shelving scheme | Damaged status | Not for loan | Collection code | Home library | Current library | Source of acquisition | Cost, normal purchase price | Total Checkouts | Full call number | Barcode | Date last seen | Copy number | Uniform Resource Identifier | Cost, replacement price | Price effective from | Koha item type | Date acquired | Total Renewals | Date checked out |
|---|---|---|---|---|---|---|---|---|---|---|---|---|---|---|---|---|---|---|---|---|---|
| Dewey Decimal Classification | Not For Loan | Non-fiction | D.B.Act.Division | D.B.Act.Division | DBAD/PUB | 120.00 | 004.21 JAI | EN-68822 | 15/09/2008 | 1 | 1932 | 120.00 | 15/09/2008 | English Books | |||||||
| Dewey Decimal Classification | Non-fiction | Vinoba Puri | Vinoba Puri | DBAct | 120.00 | 11 | 004.21 JAI | B-317513 | 18/08/2018 | 1 | 120.00 | 04/03/2009 | English Books | 04/03/2009 | 6 | 04/08/2018 |
